Povinnosti zamestnávateľa, ak zamestnáva zamestnancov
Povinné úvodné školenie o bezpečnosti a ochrane zdravia a o ochrane pred požiarmi. Povinnosť dodržiavať zákon o minimálnej mzde. Zabezpečenie stravovania pre zamestnancov. Povinnosti zamestnávateľa voči daňovému úradu, sociálnej poisťovni a zdravotnej poisťovni. Povinnosť vytvárať podmienky na dodrž...
Salvato in:
| Autore principale: | |
|---|---|
| Natura: | Capitolo di libro |
| Lingua: | slovacco |
| Soggetti: | |
| Tags: |
Nessun Tag, puoi essere il primo ad aggiungerne!!
|
MARC
| LEADER | 00000naa a2200000 4500 | ||
|---|---|---|---|
| 001 | 0254547 | ||
| 005 | 20190604131209.7 | ||
| 041 | 0 | |a slo | |
| 044 | |a SK | ||
| 245 | 1 | 0 | |a Povinnosti zamestnávateľa, ak zamestnáva zamestnancov |c Ľudmila Lipovská Lišková |
| 520 | |a Povinné úvodné školenie o bezpečnosti a ochrane zdravia a o ochrane pred požiarmi. Povinnosť dodržiavať zákon o minimálnej mzde. Zabezpečenie stravovania pre zamestnancov. Povinnosti zamestnávateľa voči daňovému úradu, sociálnej poisťovni a zdravotnej poisťovni. Povinnosť vytvárať podmienky na dodržiavanie bezpečnosti a ochrany zdravia zamestnancov. Ochrana osobných údajov. | ||
| 610 | 2 | 0 | |a zamestnávatelia |
| 610 | 2 | 0 | |a povinnosti zamestnávateľov |
| 610 | 2 | 0 | |a zamestnanci |
| 610 | 2 | 0 | |a ochrana zdravia |
| 610 | 2 | 0 | |a bezpečnosť práce |
| 610 | 2 | 0 | |a ochrana údajov osobných |
| 610 | 2 | 0 | |a odvody |
| 610 | 2 | 0 | |a poistenie sociálne |
| 610 | 2 | 0 | |a poistenie zdravotné |
| 610 | 2 | 0 | |a dane z príjmov |
| 610 | 2 | 0 | |a zákonník práce |
| 100 | 1 | |a Lipovská Lišková, Ľudmila | |